000 01743nam a2200301Ia 4500
999 _c53809
_d53809
001 20860
003 GE_BSU
005 20210519173744.0
008 181216s ||||ge |||||||||||||| ||geo||
020 _a9789941451469077
040 _cGE_BSU
041 _ageo
080 _a159.923+616.85 პ-17
245 _aპანიკური შეტევები :
_bგეშტალტთერაპია და კლინიკურ-სოციალური კონტექსტები /
_cჯანი ფრანჩესეტი, მარგარიტა სპანიოლო ლობი, ჯოვანი სალონია ;მთარგმნელი: თამარა ბრინჩი ; რედაქტორები : თეა გოგოტიშვილი, მურმან თავდიშვილი.
264 _aთბილისი :
_bსაუნჯე,
_c2016.
300 _a291 გვ. ;
_c21 სმ.
541 _h24ლ.09თ.
653 _aმედიცინა
653 _aფსიქოლოგია
653 _aფსიქოთერაპია
700 _aფრანჩესეტი, ჯანი
_eავტორი
_911853
700 _aსპანიოლო ლობი, მარგარიტა
_eავტორი
_911854
700 _a სალონია, ჯოვანი
_eავტორი
_911855
700 _aბრინჩი, თამარა
_eმთარგმნელი
_911856
700 _aგოგოტიშვილი, თეა
_eრედაქტორი
_911857
700 _aთავდიშვილი, მურმან
_eრედაქტორი
_911858
942 _cBK
_2udc